Statistics for Countries with Cuban embassies

Click here to take the quiz!

General Stats

  • This quiz has been taken 43 times
  • The average score is 108 of 122

Answer Stats

ContinentCountry% Correct
AsiaChina
100%
EuropeFrance
100%
AsiaIndia
100%
Asia/ EuropeRussia
100%
EuropeUnited Kingdom
100%
AfricaAlgeria
97%
South AmericaArgentina
97%
OceaniaAustralia
97%
EuropeAustria
97%
EuropeBelarus
97%
North AmericaCanada
97%
South AmericaChile
97%
South AmericaColombia
97%
North AmericaDominica
97%
South AmericaEcuador
97%
EuropeGermany
97%
AsiaJapan
97%
OceaniaNew Zealand
97%
EuropeNorway
97%
South AmericaPeru
97%
AfricaSouth Africa
97%
North Americathe Bahamas
97%
AfricaAngola
94%
EuropeBelgium
94%
North AmericaBelize
94%
South AmericaBolivia
94%
South AmericaBrazil
94%
North AmericaCosta Rica
94%
EuropeDenmark
94%
North AmericaDominican Republic
94%
AfricaEgypt
94%
North AmericaEl Salvador
94%
AsiaIndonesia
94%
North AmericaJamaica
94%
North AmericaMexico
94%
North AmericaPanama
94%
EuropePortugal
94%
South AmericaVenezuela
94%
AsiaVietnam
94%
North AmericaAntigua and Barbuda
91%
AfricaBotswana
91%
EuropeBulgaria
91%
AsiaCambodia
91%
AfricaDemocratic Republic of the Congo
91%
EuropeFinland
91%
EuropeGreece
91%
North AmericaGuatemala
91%
South AmericaGuyana
91%
North AmericaHonduras
91%
EuropeHungary
91%
AsiaIran
91%
EuropeItaly
91%
AfricaKenya
91%
AsiaLaos
91%
AfricaNiger
91%
AfricaNigeria
91%
AsiaPakistan
91%
South AmericaParaguay
91%
EuropePoland
91%
AsiaQatar
91%
AsiaSaudi Arabia
91%
EuropeSpain
91%
South AmericaSuriname
91%
EuropeSweden
91%
EuropeSwitzerland
91%
North AmericaTrinidad and Tobago
91%
Asia/ EuropeTurkey
91%
North AmericaUnited States of America
91%
South AmericaUruguay
91%
AsiaYemen
91%
AsiaAzerbaijan
88%
North AmericaBarbados
88%
EuropeCzech Republic
88%
AfricaEthiopia
88%
North AmericaHaiti
88%
EuropeIreland
88%
AsiaKazakhstan
88%
AfricaMozambique
88%
North AmericaNicaragua
88%
AfricaRepublic of the Congo
88%
EuropeRomania
88%
North AmericaSaint Kitts and Nevis
88%
AsiaSyria
88%
AsiaThailand
88%
Europethe Netherlands
88%
EuropeUkraine
88%
AsiaUnited Arab Emirates
88%
AfricaZimbabwe
88%
North AmericaGrenada
85%
AsiaKuwait
85%
AsiaLebanon
85%
AfricaNamibia
85%
AsiaNorth Korea
85%
North AmericaSaint Lucia
85%
North AmericaSaint Vincent and the Grenadines
85%
AfricaTunisia
85%
AfricaZambia
85%
AfricaBenin
82%
AfricaBurkina Faso
82%
AfricaGhana
82%
AfricaGuinea
82%
AsiaMalaysia
82%
AfricaMali
82%
AsiaMongolia
82%
AfricaTanzania
82%
EuropeCyprus
79%
AfricaGuinea Bissau
79%
OceaniaKiribati
79%
EuropeSerbia
79%
EuropeSlovakia
79%
AfricaUganda
79%
AfricaCape Verde
76%
AfricaGambia
76%
AfricaLiberia
76%
AfricaSenegal
76%
AsiaSingapore
76%
EuropeVatican City
76%
AfricaDjibouti
73%
AfricaEquatorial Guinea
73%
AsiaSri Lanka
70%
AfricaSeychelles
61%
AsiaTimor Leste
61%

Score Distribution

Percentile by Number Answered

Percent of People with Each Score

Your Score History

You have not taken this quiz